Western Mesoamerican calendars and writing systems : proceedings of the Copenhagen Roundtable /
Mesoamerica is one of the few places to witness the independent invention of writing. Bringing together new research, papers discuss the writing systems of Teotihuacan, Mixteca Baja, the Epiclassic period and Aztec writing of the Postclassic. These writing systems represent more than a millennium of...
المؤلف الرئيسي:
مؤلف مشترك:
مؤلفون آخرون:
التنسيق: وقائع المؤتمر كتاب الكتروني
اللغة: English
منشور في:
Oxford :
Archaeopress Publishing Ltd,
2023.
سلاسل:
Archaeopress pre-Columbian archaeology ;
18.
الموضوعات:
الوصول للمادة أونلاين: Login to view Source
الوسوم: إضافة وسم
رقم الطلب: PM4061
| LEADER | 02257nam a2200445 i 4500 | ||
|---|---|---|---|
| 001 | EDZ0003054457 | ||
| 003 | StDuBDS | ||
| 005 | 20230828071411.0 | ||
| 006 | m|||||o||d|||||||| | ||
| 007 | cr ||||||||||| | ||
| 008 | 230612s2023 enkab fob 100|0|eng|d | ||
| 020 | |a 9781803274867 (PDF ebook) : |c No price | ||
| 040 | |a StDuBDS |b eng |c StDuBDS |e rda |e pn | ||
| 050 | 4 | |a PM4061 | |
| 082 | 0 | 4 | |a 497 |2 23 |
| 111 | 2 | |a The Origins and Developments of Central Mexican Calendars and Writing Systems (Conference) |d (2020), |j creator. | |
| 245 | 1 | 0 | |a Western Mesoamerican calendars and writing systems : |b proceedings of the Copenhagen Roundtable / |c edited by Mikkel Bøg Clemmensen, Christophe Helmke. |
| 264 | 1 | |a Oxford : |b Archaeopress Publishing Ltd, |c 2023. | |
| 300 | |a 1 online resource (xii, 172 pages) : |b illustrations (black and white, and colour), maps (black and white, and colour). | ||
| 336 | |a text |2 rdacontent | ||
| 336 | |a still image |2 rdacontent | ||
| 337 | |a computer |2 rdamedia | ||
| 338 | |a online resource |2 rdacarrier | ||
| 490 | 1 | |a Archaeopress pre-Columbian archaeology ; |v 18 | |
| 500 | |a Also issued in print: 2023. | ||
| 504 | |a Includes bibliographical references. | ||
| 506 | 0 | |a Open access. | |
| 520 | 8 | |a Mesoamerica is one of the few places to witness the independent invention of writing. Bringing together new research, papers discuss the writing systems of Teotihuacan, Mixteca Baja, the Epiclassic period and Aztec writing of the Postclassic. These writing systems represent more than a millennium of written records and literacy in Mesoamerica. | |
| 521 | |a Specialized. | ||
| 588 | |a Description based on online resource; title from PDF title page (viewed on August 1, 2023). | ||
| 650 | 0 | |a Indians of Mexico |x Languages |x Writing |v Congresses. | |
| 650 | 0 | |a Aztec calendar |v Congresses. | |
| 700 | 1 | |a Clemmensen, Mikkel Bøg, |e author. | |
| 700 | 1 | |a Helmke, Christophe, |e editor. | |
| 776 | 0 | 8 | |i Print version : |z 9781803274850 |
| 830 | 0 | |a Archaeopress pre-Columbian archaeology ; |v 18. | |
| 856 | 4 | 0 | |u http://library.arce.org:8087/Archaeopress/Products/9781803274850 |
| 942 | |2 lcc |c EBOOK | ||
| 952 | |0 0 |1 0 |4 0 |6 PM4061 |7 1 |9 49747 |a ARCH |b ARCH |d 2023-08-28 |l 0 |o PM4061 |r 2023-08-28 00:00:00 |w 2023-08-28 |y EBOOK | ||
| 999 | |c 54390 |d 54390 | ||
